000
00297 a2200157 4500
001
173732
020
_a
040
_c
Magnum
100
_a
Pinsky, Mirna
240
1
0
_a
No porao
_l
por
245
1
0
_a
No porao
362
0
_a
1899
440
1
_a
FTD
697
_a
IJ/FADAS, FANTASIA
942
_c
BK
999
_c
173732
_d
173732